000 00335nam a22001457a 4500
008 210429b ||||| |||| 00| 0 eng d
020 _a9780131445710
041 _aeng
080 _28th
_a37
082 _a37
100 _a46
101 _aEDU
245 _aEssentials Organizational Behavior
_cStephen P. Robbins
942 _2udc
_cBK
999 _c56996
_d56996